What year did this event happen? - Statistics

General Stats
  • This quiz has been taken 78 times
  • The average score is 8 of 10
Answer Stats
Event Year % Correct
Covid-19 2019
100%
Joe Biden winning the presidential election 2020
100%
WW2 1939
98%
9/11 2001
98%
JFK's assassination 1963
87%
American Independence 1776
81%
The first millennium 1000
78%
Jetpunk's launch date 2006
62%
The release of the first handheld game console 1972
44%
When was marriage invented (hint: its in bc years) 2350
6%
No matching quizzes found
Score Distribution
Percent of People with Each Score
Percentile by Number Answered
Your Score History
You have not taken this quiz